Online
Catalog

La psychologie des profondeurs : (Record no. 35338)

MARC details
000 -CABECERA
campo de control de longitud fija 00877nam a2200181 a 4500
001 - NÚMERO DE CONTROL
campo de control 000035847
005 - FECHA Y HORA DE LA ÚLTIMA TRANSACCIÓN
campo de control 20200930074648.0
008 - DATOS DE LONGITUD FIJA--INFORMACIÓN GENERAL
campo de control de longitud fija 111115s1960 fr 000 0 fre d
040 ## - FUENTE DE LA CATALOGACIÓN
Centro catalogador/agencia de origen DO-SdBNP
Lengua de catalogación spa
Centro/agencia transcriptor BNPHU
082 ## - NÚMERO DE LA CLASIFICACIÓN DECIMAL DEWEY
Número de clasificación xxx
Número de documento/Ítem F219p
100 1# - ENTRADA PRINCIPAL--NOMBRE DE PERSONA
Nombre de persona Farau, Alfred
9 (RLIN) 61823
245 13 - MENCIÓN DE TÍTULO
Título La psychologie des profondeurs :
Resto del título Des origines a nos jours /
Mención de responsabilidad, etc. Alfred Farau, Herbert Schaffer.
260 ## - PUBLICACIÓN, DISTRIBUCIÓN, ETC.
Lugar de publicación, distribución, etc. Paris :
Nombre del editor, distribuidor, etc. Payot,
Fecha de publicación, distribución, etc. 1960.
300 ## - DESCRIPCIÓN FÍSICA
Extensión 215 p. ;
Dimensiones 23 cm.
500 ## - NOTA GENERAL
Nota general Les precurseurs de Freud. - Freud et la psychanalyse. - Adler et la psychologie individuelle comparée. - C. G. Jung. - Les écoles mineures.- L´analyse existentielle. - Réflexologie et intentionnalité.- Les méthodes. - La thérapie sociale.- La psychiatrie.- La médecine psychosomatique
590 ## - NOTA LOCAL (RLIN)
Nota local Perteneció a la biblioteca personal de Juan Isidro Jimenes Grullón
700 1# - PUNTO DE ACCESO ADICIONAL--NOMBRE DE PERSONA
Nombre de persona Schaffer, Herbert
9 (RLIN) 61824
Holdings
Estado de retiro Estado de pérdida Restricciones de uso No para préstamo Código de colección Localización permanente Ubicación/localización actual Ubicación en estantería Fecha de adquisición Número de inventario Total de préstamos Signatura topográfica completa Código de barras Fecha visto por última vez Precio válido a partir de Tipo de ítem Koha Nota pública
      Excluido de préstamo Raros y valiosos General General En catalogación 15.11.2011 LF1   xxx F219p 35847-10 25.06.2020 25.06.2020 No se presta Perteneció a la biblioteca personal de Juan Isidro Jimenes- Grullón

Powered by Koha